International economic disorder : a theory of economic drawinism and a gandhian soulution (Record no. 184552)

MARC details
000 -LEADER
fixed length control field 00451nam a2200157Ia 4500
008 - FIXED-LENGTH DATA ELEMENTS--GENERAL INFORMATION
fixed length control field 140306s9999 xx 000 0 und d
020 ## - INTERNATIONAL STANDARD BOOK NUMBER
International Standard Book Number 0706954416
041 ## - LANGUAGE CODE
Language code of text/sound track or separate title eng
082 ## - DEWEY DECIMAL CLASSIFICATION NUMBER
Classification number 337
Item number SET/IN
100 ## - MAIN ENTRY--PERSONAL NAME
Personal name Sethi, J D
245 ## - TITLE STATEMENT
Title International economic disorder : a theory of economic drawinism and a gandhian soulution
260 ## - PUBLICATION, DISTRIBUTION, ETC. (IMPRINT)
Place of publication, distribution, etc. Shimnla
Name of publisher, distributor, etc. Indian Institute of Advanced study
Date of publication, distribution, etc. 1990
300 ## - PHYSICAL DESCRIPTION
Extent 140
365 ## - TRADE PRICE
Price amount Rs.120
942 ## - ADDED ENTRY ELEMENTS (KOHA)
Source of classification or shelving scheme Dewey Decimal Classification
Koha item type Books (General)
Holdings
Withdrawn status Lost status Source of classification or shelving scheme Damaged status Not for loan Home library Current library Date acquired Cost, normal purchase price Total Checkouts Full call number Date last seen Price effective from Koha item type
    Dewey Decimal Classification     College of Co-operation, Banking & Management Library, Vellanikkara College of Co-operation, Banking & Management Library, Vellanikkara 03/06/2004 120.00   337 SET/IN 22/03/2014 22/03/2014 Books (General)
Kerala Agricultural University Central Library
Thrissur-(Dt.), Kerala Pin:- 680656, India
Ph : (+91)(487) 2372219
E-mail: librarian@kau.in
Website: http://library.kau.in/